| 000 | 00520nam a22001937a 4500 | ||
|---|---|---|---|
| 999 |
_c2462 _d2462 |
||
| 003 | OSt | ||
| 005 | 20181015154340.0 | ||
| 008 | 181015b ||||| |||| 00| 0 eng d | ||
| 040 | _cDLC | ||
| 082 |
_aREF 025 _bR149H |
||
| 100 | _aRai, Raju. | ||
| 245 |
_aThe Holy Spirit and His Ability / _cBy Raju Rai. |
||
| 260 |
_aGreator Noida, UP : _bHarvest Mission College, |
||
| 300 | _a54 p.: | ||
| 504 | _aBibliography Includes. | ||
| 630 | _aInstitutional Thesis | ||
| 700 | _aRev. Biju John - Mentor | ||
| 942 |
_2ddc _cREF |
||